| 000 | 00877nam a2200277 4500 | ||
|---|---|---|---|
| 001 | 71979 | ||
| 003 | BD-RjUL | ||
| 005 | 20211209082209.0 | ||
| 008 | 170511s1957 enka b 001 0 eng d | ||
| 035 | _a(BD-RjUL)72195 | ||
| 040 |
_aBD-RjUL _beng _cBD-RjUL |
||
| 041 | _aeng | ||
| 082 |
_223 _a539.75 _bLII 1957 |
||
| 100 | 1 |
_aLittler, D. J. _9212896 |
|
| 245 | 1 | 3 |
_aAn introduction to reactor physics / _cD.J. Littler and J.F. Raffle |
| 250 | _a2d rev. ed. | ||
| 260 |
_aLondon : _bPergamon, _c1957 |
||
| 300 |
_ax, 208 p : _bill. ; _c23 cm. |
||
| 490 | 1 | _aInternational series of monographs on nuclear energy. | |
| 504 | _aIncludes bibliography and index | ||
| 650 | 0 |
_aNuclear physics. _9212897 |
|
| 650 | 0 |
_aNuclear reactors _9212898 |
|
| 700 | 1 |
_aRaffle, J. F. _9212899 |
|
| 830 | 0 |
_aInternational series of monographs on nuclear energy. _9212903 |
|
| 942 |
_2ddc _cBK |
||
| 999 |
_c71979 _d71979 |
||